| 000 | 00734nam a2200217Ii 4500 | ||
|---|---|---|---|
| 003 | JO-AjNU | ||
| 008 | 230605s9999||||xx |||||||||||||| ||und|| | ||
| 017 | _a1995/5/471 | ||
| 040 |
_aJO-AjNU _bara _erda _cJO-AjNU |
||
| 041 | _aara | ||
| 050 | 1 | 4 | _aBP130.58.F3434 1995 |
| 100 | 3 |
_aالفقير، حمزة, _eauthor _936535 |
|
| 245 | 0 | 0 | _aثلاثة ينتظرهم العالم : المهدي المنتظر-المسيح الدجال-المسيح عليه السلام |
| 250 | _aط1 | ||
| 264 | 3 | 1 | _aعمان: دار الاسراء، 1995 |
| 300 | _a96ص | ||
| 336 |
_atext _btxt _2rdacontent |
||
| 337 |
_aunmediated _bn _2rdamedia |
||
| 338 |
_avolume _bnc _2rdacarrier |
||
| 650 | 4 |
_aالعقيدة الاسلامية _936536 |
|
| 999 |
_aA15188 _c18756 _d18756 |
||